Designing and writing of distance education materials for basic education and development training programmes.

Saved in:
Bibliographic Details
Main Author: Mazrui, K. [et al.], (autor)
Format: Book
Language:Español
Subjects:
Tags: Add Tag
No Tags, Be the first to tag this record!

MARC

LEADER 00000cam^a2200000uu^4500
001 000482358
005 20250521000000.0
008 050901s1986^^^^^^^^^^^^rd^r^^000^0^spa^d
009 20260310125046.909
035 |a FCE 000025398 
035 |a FCE 013778 
037 |a Acervo ITESO - Biblioteca 
041 |a spa 
082 0 4 |a 371.394422  |b MAZd 
100 |a Mazrui, K.,  |e [et al.]  |e (autor) 
245 1 0 |a Designing and writing of distance education materials for basic education and development training programmes. 
264 |a Bonn :  |b DSE,  |c 1986. 
300 |a 82 p. 
336 |a texto  |b txt  |2 rdacontenido 
337 |a sin mediación  |b n  |2 rdamedio 
338 |a volumen  |b nc  |2 rdasoporte 
649 |a XX 
650 |a Programa de educación 
650 |a Educación básica 
650 |a Educación a distancia 
910 |a Fondo Centro de Estudios Educativos 
920 |a Impresos - Libros 
930 |a Fondos Especiales 
905 |a 133 
901 |a ALE013778  |b IT2  |c CEE  |u 20250521 
902 |a https://opac.biblio.iteso.mx/vufind/Record/000482358